[Event "POL-ch PL+LU U17"]
[Site "Augustow"]
[Date "2007.10.09"]
[Round "4.2"]
[White "Chilkiewicz, Marek"]
[Black "Ryszkiewicz, Adam"]
[Result "1-0"]
[WhiteElo "1850"]
[BlackElo "1844"]
[PlyCount "165"]
[EventDate "2007.10.08"]
[EventType "tourn"]
[EventRounds "8"]
[EventCountry "POL"]
[SourceTitle "EXT 2023"]
[Source "ChessBase"]
[SourceDate "2022.10.05"]
[SourceVersion "1"]
[SourceVersionDate "2022.10.05"]
[SourceQuality "1"]

1. Nf3 d5 2. c4 dxc4 3. Qa4+ Nd7 4. g3 a6 5. Qxc4 c5 6. Bg2 b5 7. Qc2 Bb7 8. 0-0 Ngf6 9. d3 e6 10. Bf4 Be7 11. a4 0-0 12. Na3 Qb6 13. axb5 axb5 14. Qb3 c4 15. dxc4 Bxa3 16. bxa3 bxc4 17. Qxc4 Bd5 18. Qb4 Qa6 19. e3 Rfc8 20. Rfd1 h6 21. Ne5 Rab8 22. Qd2 Nc5 23. Bf1 Qa7 24. Nd3 Nb3 25. Bxb8 Rxb8 26. Qc3 Ne4 27. Qc2 Nxa1 28. Rxa1 Ng5 29. Ne5 f6 30. h4 Ne4 31. Nd3 Bb3 32. Qe2 Bc4 33. Qc2 Bb3 34. Qe2 Rc8 35. Nb4 f5 36. Qb2 Ba4 37. Rc1 Rd8 38. Qe5 Bd7 39. Rc7 Qb6 40. Nc6 Nd2 41. Qd6 Nf3+ 42. Kg2 Ne1+ 43. Kh3 Qb2 44. Qf4 Bxc6 45. Rxc6 Rd2 46. Bc4 Rxf2 47. Bxe6+ Kh8 48. Rc8+ Kh7 49. Bxf5+ g6 50. Qc7+ Qg7 51. Be4 Nf3 52. Bxf3 Rxf3 53. Qxg7+ Kxg7 54. Rc3 Rf2 55. g4 Kf6 56. Kg3 Rf1 57. Rc5 Re1 58. Kf4 Rf1+ 59. Ke4 Rg1 60. g5+ hxg5 61. hxg5+ Ke6 62. Ra5 Ke7 63. a4 Kf7 64. Ra7+ Ke6 65. Ra6+ Kf7 66. Rf6+ Kg7 67. Kf4 Rf1+ 68. Ke5 Rg1 69. Kf4 Rf1+ 70. Ke5 Rg1 71. Kf4 Rf1+ 72. Ke4 Rg1 73. Ra6 Rxg5 74. a5 Rg4+ 75. Kd5 Ra4 76. e4 Ra1 77. e5 Rd1+ 78. Ke6 Rg1 79. Rb6 Ra1 80. a6 Kh6 81. Kf7 Rg1 82. e6 Rf1+ 83. Ke8 1-0

[Event "Bialystok Podlaski Region-chB"]
[Site "Bialystok"]
[Date "2007.06.27"]
[Round "7.2"]
[White "Winski, Lukasz"]
[Black "Chilkiewicz, Marek"]
[Result "0-1"]
[WhiteElo "1973"]
[BlackElo "1868"]
[PlyCount "52"]
[EventDate "2007.06.23"]
[EventType "swiss"]
[EventRounds "9"]
[EventCountry "POL"]
[SourceTitle "EXT 2023"]
[Source "ChessBase"]
[SourceDate "2022.10.05"]
[SourceVersion "1"]
[SourceVersionDate "2022.10.05"]
[SourceQuality "1"]

1. d4 d6 2. e4 Nf6 3. Nc3 g6 4. f4 Bg7 5. Nf3 0-0 6. Be3 Nc6 7. Be2 e5 8. Qd2 Ng4 9. Bg1 f5 10. exf5 Bxf5 11. 0-0-0 exf4 12. Bc4+ Kh8 13. h3 Nf6 14. Qxf4 d5 15. Bd3 Bxd3 16. Rxd3 Ne4 17. Qh2 Qe7 18. Be3 Nb4 19. Re1 Nxd3+ 20. cxd3 Nxc3 21. bxc3 Qa3+ 22. Kd2 Qxa2+ 23. Kd1 Qa1+ 24. Ke2 Qxc3 25. Ne5 Qc2+ 26. Bd2 Bh6 0-1